Effect of the herbicide glyphosate on nitrification, denitrification, and acetylene reduction in soil (Record no. 45332)

MARC details
000 -LEADER
fixed length control field 00472nam a2200157Ia 4500
100 ## - MAIN ENTRY--AUTHOR NAME
Personal name Carlisle Sara M
245 #0 - TITLE STATEMENT
Title Effect of the herbicide glyphosate on nitrification, denitrification, and acetylene reduction in soil
260 ## - PUBLICATION, DISTRIBUTION, ETC. (IMPRINT)
Name of publisher Water, Air and Soil Pollution
Year of publication 1986
300 ## - PHYSICAL DESCRIPTION
Number of Pages 189-203
650 ## - SUBJECT ADDED ENTRY--TOPICAL TERM
Topical Term Denitrification
650 ## - SUBJECT ADDED ENTRY--TOPICAL TERM
Topical Term Herbicide
650 ## - SUBJECT ADDED ENTRY--TOPICAL TERM
Topical Term Nitrification
700 ## - ADDED ENTRY--PERSONAL NAME
Personal name Trevors Jack T
942 ## - ADDED ENTRY ELEMENTS (KOHA)
Koha item type Reprints
Holdings
Withdrawn status Lost status Damaged status Not for loan Home library Current library Shelving location Date acquired Serial Enumeration / chronology Accession Number Koha item type
      Reprints RRII Library RRII Library Agronomy 22/12/2021 Volume 29, Issue P01112 Reprints